City Countdown - Russia - Statistics

General Stats
  • This quiz has been taken 14 times
  • The average score is 5 of 10
Answer Stats
Rank City % Correct
#1 Moscow
73%
#2 St Petersburg
73%
#10 Rostov-on-Don
64%
#9 Omsk
45%
#8 Samara
45%
#7 Chelyabinsk
36%
#5 Kazan
36%
#6 Nizhny Novgorod
36%
#3 Novosibirsk
36%
#4 Yekaterinburg
36%
No matching quizzes found
Score Distribution
Percent of People with Each Score
Percentile by Number Answered
Your Score History
You have not taken this quiz